000 00853cab a2200253 4500
001 X96327
008 090401t1999 xxu||||| |||| 00| 0 eng d
035 _a(Sirsi) u90964
041 _aeng
245 _aGuy Smith v Greenalls Management Limited, Greenalls Management Limited v Guy Smith
260 _c1999
350 _a0
490 _aNew Property Cases
_v[1999] 6 NPC 1-3(3)
520 _aChD 17 August 1998. Covenants in a lease are divided into obligations, defaults and default notices to provide unusual consequences. Headnote from journal - no photocopying allowed.
650 _aBEER TIES
650 _aCOVENANTS
650 _aDEFAULT NOTICES
650 _aDEFAULT
650 _aPUBLIC HOUSE
650 _aTERMINATION OF LEASE
690 _aLANDLORD AND TENANT-CASE LAW-BUSINESS TENANCIES
942 _n0
948 _c27/01/1999
999 _c57711
_d57711